Английский язык (Запись № 4649779)

Подробности
000 -МАРКЕР
контрольное поле 01928nam0a2200385 4500
001 - ИДЕНТИФИКАТОР ЗАПИСИ
контрольное поле RU\NLR\bibl\2066360
005 - ИДЕНТИФИКАТОР ВЕРСИИ
контрольное поле 20260406111303.0
010 ## - МЕЖДУНАРОДНЫЙ СТАНДАРТНЫЙ НОМЕР КНИГИ (ISBN)
Номер (ISBN) 978-5-09-031329-2
Тираж 5000
021 ## - НОМЕР ГОСУДАРСТВЕННОЙ РЕГИСТРАЦИИ
Код страны Российская Федерация
Номер 2013-58789
Номер Листа государственной регистраци 430д/13
035 ## - ДРУГИЕ СИСТЕМНЫЕ НОМЕРА
Идентификатор записи (NLR Aleph) 002052840
100 ## - ДАННЫЕ ОБЩЕЙ ОБРАБОТКИ
Данные общей обработки 20130826d2013 |||y0rusy50 ca
101 0# - ЯЗЫК РЕСУРСА
Язык текста, звукозаписи и т.д. русский
-- английский
102 ## - СТРАНА ПУБЛИКАЦИИ ИЛИ ПРОИЗВОДСТВА
Страна публикации Российская Федерация
105 ## - ПОЛЕ КОДИРОВАННЫХ ДАННЫХ: ТЕКСТОВЫЕ МАТЕРИАЛЫ, МОНОГРАФИЧЕСКИЕ
Кодированные данные о монографическом текстовом документе a |||||||||
200 1# - ЗАГЛАВИЕ И СВЕДЕНИЯ ОБ ОТВЕТСТВЕННОСТИ
Основное заглавие Английский язык
Наименование части Изучаем английский алфавит
Сведения, относящиеся к заглавию пособие для учащихся общеобразовательных организаций и школ с углубленным изучением английского языка с приложением на электронном носителе
Первые сведения об ответственности К.М. Баранова, Д. Дули, В. Эванс
205 ## - СВЕДЕНИЯ ОБ ИЗДАНИИ
Сведения об издании 2-е изд.
210 ## - ПУБЛИКАЦИЯ, РАСПРОСТРАНЕНИЕ И ДР.
Место издания, распространения и т.д. Москва
Имя издателя, распространителя и т. д. Express Publishing
-- Просвещение
Дата издания, распространения и т.д. 2013
215 ## - ФИЗИЧЕСКАЯ ХАРАКТЕРИСТИКА
Специфическое обозначение материала и объем 23 с.
Другие сведения о физической характеристике цв. ил.
Размеры 30
Сопроводительный материал 1 электр. опт. диск (CD-ROM)
225 1# - СЕРИЯ
Основное заглавие серии Звездный английский
225 1# - СЕРИЯ
Основное заглавие серии Starlight
300 ## - ОБЩИЕ ПРИМЕЧАНИЯ
Текст примечания На обл.: Alphabet book / Virginia Evans, Jenny Dooley, Ksenia Baranova
512 1# - ЗАГЛАВИЕ ОБЛОЖКИ
Связь между полями z20790
Заглавие обложки Alphabet book
606 1# - НАИМЕНОВАНИЕ ТЕМЫ КАК ПРЕДМЕТ
Наименование темы Английский язык
Формальный подзаголовок Учебные издания для начальной школы
Системный номер авторитетной/нормативной записи 972309
Идентификатор авторитетной/нормативной записи RU\NLR\auth\6646032
686 ## - ИНДЕКСЫ ДРУГИХ КЛАССИФИКАЦИЙ
Индекс Ш143.21-93рус21[1/4]
686 ## - ИНДЕКСЫ ДРУГИХ КЛАССИФИКАЦИЙ
Индекс Ш143.21-93рус221[1/4]
700 #1 - ИМЯ ЛИЦА - ПЕРВИЧНАЯ ОТВЕТСТВЕННОСТЬ
Код отношения Автор
Графика поля Кириллица
Материалы, к которым относится поле rus
Начальный элемент ввода Баранова
Часть имени, кроме начального элемента ввода К. М.
Дополнения к именам, кроме дат д-р филол. наук
Даты 1973-
Расширение инициалов личного имени Ксения Михайловна
Системный номер авторитетной/нормативной записи 33424
Идентификатор авторитетной/нормативной записи RU\NLR\AUTH\7750490
701 #1 - ИМЯ ЛИЦА - АЛЬТЕРНАТИВНАЯ ОТВЕТСТВЕННОСТЬ
Код отношения Автор
Графика поля Кириллица
Материалы, к которым относится поле rus
Начальный элемент ввода Дули
Часть имени, кроме начального элемента ввода Д.
Расширение инициалов личного имени Дженни
Системный номер авторитетной/нормативной записи 102537
Идентификатор авторитетной/нормативной записи RU\NLR\AUTH\77119612
701 #1 - ИМЯ ЛИЦА - АЛЬТЕРНАТИВНАЯ ОТВЕТСТВЕННОСТЬ
Начальный элемент ввода Эванс
Часть имени, кроме начального элемента ввода В.
Расширение инициалов личного имени Вирджиния
Код отношения Автор
790 #1 - ИМЯ ЛИЦА - АЛЬТЕРНАТИВНАЯ ФОРМА
Связь между полями z20512
Начальный элемент ввода Evans
Часть имени, кроме начального элемента ввода V
Расширение инициалов личного имени Virginia et al.
Код отношения Автор
801 #0 - ИСТОЧНИК ЗАПИСИ
Страна Российская Федерация
Организация NLR
Дата составления 20130826
Правила каталогизации RCR
801 #1 - ИСТОЧНИК ЗАПИСИ
Страна Российская Федерация
Организация NLR
Дата составления 20130826
942 ## - ДОПОЛНИТЕЛЬНЫЕ ЭЛЕМЕНТЫ ЗАПИСИ (АБИС)
Тип экземпляра АБИС Книга
980 ## - КОЛЛЕКЦИЯ
Название коллекции Национальная библиография
Экземпляры
Тип экземпляра Дата поступления Источник поступления Библиотека постоянного хранения Библиотека текущего хранения Место хранения Шифр хранения Штрих-код Статус экземпляра
Книга 26.08.2013 Обязательный экземпляр РНБ (Московский) РНБ (Московский) Русский книжный фонд: издания с 1957 года 2013-8/2528 1-394006  
Книга 26.08.2013 Обязательный экземпляр РНБ (Московский) РНБ (Московский) Обменный фонд   3944691  
Книга 01.07.2014 Обязательный экземпляр РНБ (Московский) РНБ (Московский) Обменный фонд   1-556530  
Книга 01.07.2014 Обязательный экземпляр РНБ (Московский) РНБ (Московский) Обменный фонд   1-556531